LEADER 01063nam a2200229 4500 001 000000355718 003 CaOOAMICUS 005 20231016100501.0 008 231016s1845 it 000 u ita r 040 $aSeMil$bita 100 11$aCantł, Ignazio,$d<1810-1877>.$0(OLS)http://semarc/name/3208 245 13$a6: Salvator Rosa e Tomaso Grossi /$cdi Ignazio Cantł. 264 1$aMilano :$bTipografia di Ranieri Fanfani,$c1845. 300 $a116 p. ;$c17 cm 600 14$aGrossi, Tommaso <1790-1853>.$0(OLS)http://semarc/subject/7989 600 14$aRosa, Salvator.$0(OLS)http://semarc/subject/33101 773 0 $tPiccole disgrazie di alcuni uomini di genio narrate in biografie.$dMilano : Tipografia di Ranieri Fanfani, 1845.$g6$w()355712 850 $aSeMil 852 $aSeMil$W1$xVenegono$y1$m1Q I 13/6 FA$j243919$B246957$CSeMilBibl$Z2$F246957 $8I 996 $6245$a6: Salvator Rosa e Tomaso Grossi$9(OLS)http://semarc/title/445951 996 $6264$aMilano :$bTipografia di Ranieri Fanfani$9(OLS)http://semarc/publisher/61327 LEADER 00911nas a2200193 i 4500 001 000000024169 003 CaOOAMICUS 005 20180830125446.0 008 180830n it u0 ita u 040 $aSeMil$bita 245 10$aImprenditori cristiani per il bene comune /$cUCID ; a cura di Giovanni Scanagatta, Marinella Placido, Pierluigi Sassi. 260 $aCittą del Vaticano :$bLibreria Editrice Vaticana,$c[2010] 300 $av. ;$c24 cm. 700 1 $aSassi, Pierluigi.$0(OLS)http://semarc/name/9831 700 1 $aPlacido, Marinella.$0(OLS)http://semarc/name/10710 700 1 $aScanagatta, Giovanni.$0(OLS)http://semarc/name/10709 710 0 $aUnione Cristiana Imprenditori Dirigenti.$0(OLS)http://semarc/name/2099 996 $6245$aImprenditori cristiani per il bene comune$9(OLS)http://semarc/title/32439 996 $6260$aCittą del Vaticano :$bLibreria Editrice Vaticana$9(OLS)http://semarc/publisher/29734